International Journal of Web Applications (IJWA) (Record no. 10036)
[ view plain ]
| 000 -LEADER | |
|---|---|
| fixed length control field | 00527nam a22001217a 4500 |
| 003 - CONTROL NUMBER IDENTIFIER | |
| control field | OSt |
| 008 - FIXED-LENGTH DATA ELEMENTS--GENERAL INFORMATION | |
| fixed length control field | 201218b ||||| |||| 00| 0 eng d |
| 245 ## - TITLE STATEMENT | |
| Title | International Journal of Web Applications (IJWA) |
| 250 ## - EDITION STATEMENT | |
| Edition statement | 2016(Mar Vol.8 No.1, Sep Vol.8 No.3) 2015(Mar Vol.7 No.1, Jun Vol.7 No.2, Sep Vol.7 No.3, Dec Vol.7 No.4) 2017(Mar Vol.9 No.1, Jun Vol.9 No.2, Sep Vol.9 No.3, Dec Vol.9 No.4) |
| 260 ## - PUBLICATION, DISTRIBUTION, ETC. (IMPRINT) | |
| Place of publication, distribution, etc | Harrison Street, USA |
| Name of publisher, distributor, etc | Digital Information Research Foundation |
| 650 ## - SUBJECT ADDED ENTRY--TOPICAL TERM | |
| Topical term or geographic name as entry element | Computer Science Engineering |
| 942 ## - ADDED ENTRY ELEMENTS (KOHA) | |
| Source of classification or shelving scheme | Dewey Decimal Classification |
| Koha item type | BOUND VOLUME |
| Withdrawn status | Lost status | Source of classification or shelving scheme | Materials specified (bound volume or other part) | Damaged status | Not for loan | Collection code | Home library | Current library | Date acquired | Source of acquisition | Serial Enumeration / chronologySerial Enumeration / Volume No. | Total Checkouts | Acc. no. / Barcode | Date last seen | Bill Date | Koha item type |
|---|---|---|---|---|---|---|---|---|---|---|---|---|---|---|---|---|
| Dewey Decimal Classification | Bound Volume | Not For Loan | B.Tech(CSE) | PIET C-LIBRARY | PIET C-LIBRARY | 19/12/2020 | Digital Information Research Foundation | 2016(Mar Vol.8 No.1, Sep Vol.8 No.3) 2015(Mar Vol.7 No.1, Jun Vol.7 No.2, Sep Vol.7 No.3, Dec Vol.7 No.4) 2017(Mar Vol.9 No.1, Jun Vol.9 No.2, Sep Vol.9 No.3, Dec Vol.9 No.4) | BV774 | 19/12/2020 | 09/01/2015 | BOUND VOLUME |